| 000 | 01204cam a2200349 a 4500 | ||
|---|---|---|---|
| 001 | 534 | ||
| 005 | 20230524120136.0 | ||
| 008 | 120409s2013 nyu c 000 1 eng | ||
| 020 | _a9781442445000 (hardcover) | ||
| 020 | _a9781442445017 (pbk.) | ||
| 040 |
_aDLC _cDLC _dDLC _beng |
||
| 050 | 0 | 0 |
_aPZ7.H26865 _bAam 2013 |
| 082 | 0 | 0 |
_a813.6 _223 |
| 100 | 1 |
_aHasak-Lowy, Todd, _d1969- |
|
| 245 | 1 | 0 |
_a33 minutes / _cby Todd Hasak-Lowy. |
| 246 | 3 | _aThirty-three minutes | |
| 250 | _a1st Aladdin hardcover ed. | ||
| 260 |
_aNew York : _bAladdin, _c2013. |
||
| 300 |
_a210 pages ; _c22 cm. |
||
| 505 | _aQ | ||
| 520 | _aAn epic lunch period leads to a fateful showdown as small, skinny seventh-grader Sam's former best friend--now a popular athlete--promises to beat Sam up at recess in exactly thirty-three minutes. | ||
| 521 |
_a910
_bLexile |
||
| 521 |
_aQ
_bRaz-Plus |
||
| 650 | 0 |
_aMiddle schools _vJuvenile fiction. |
|
| 650 | 0 |
_aSchools _vJuvenile fiction. |
|
| 650 | 0 |
_aFriendship _vJuvenile fiction. |
|
| 650 | 1 |
_aMiddle schools _vFiction. |
|
| 650 | 1 |
_aSchools _vFiction. |
|
| 650 | 1 |
_aFriendship _vFiction. |
|
| 906 |
_a7 _bcbc _corignew _d1 _eecip _f20 _gy-gencatlg |
||
| 942 |
_2ddc _cBK _n0 |
||
| 999 |
_c534 _d534 |
||